Statistics for Canadian Companies

Click here to take the quiz!

General Stats

  • This quiz has been taken 20 times
  • The average score is 11 of 60

Answer Stats

SymbolCompany% Correct
BMOBank of Montreal
93%
BNSBank of Nova Scotia
67%
RYRoyal Bank of Canada
60%
TDToronto-Dominion Bank
60%
BBD.BBombardier
53%
CMCanadian Imperial Bank of Commerce
47%
BCEBCE
40%
BBBlackBerry
40%
CNRCanadian National Railway Company
40%
CTC.ACanadian Tire
40%
SNCSNC-Lavalin Group
40%
QSRRestaurant Brands International
33%
CPCanadian Pacific Railway
27%
RCI.BRogers Communication
27%
SUSuncor Energy
27%
TECK.BTeck Resources
27%
TTelus
27%
ABXBarrick Gold
20%
CNQCanadian Natural Resources
20%
LLoblaw Companies
20%
ATD.B Alimentation Couche-Tard
13%
BAM.ABrookfield Asset Management
13%
DOLDollarama
13%
ENBEnbridge
13%
HSEHusky Energy
13%
IMOImperial Oil
13%
MGMagna International
13%
MFCManulife Financial
13%
MRUMetro
13%
NANational Bank of Canada
13%
POWPower Corporation of Canada
13%
SLFSun Life Financial
13%
WCNWaste Connections US
13%
AEM Agnico Eagle Mines
7%
ARX ARC Resources
7%
BHCBausch Health Companies
7%
CCOCameco
7%
ECAEncana
7%
FTSFortis
7%
GGoldcorp
7%
IPLInter Pipeline
7%
NTRNutrien
7%
SJR.BShaw Communications
7%
TRIThomson Reuters
7%
WPMWheaton Precious Metals
7%
CCL.BCCL Industries
0%
CVECenovus Energy
0%
GIB.ACGI Group
0%
CSUConstellation Software
0%
CPGCrescent Point Energy
0%
EMAEmera
0%
FMFirst Quantum Minerals
0%
FNVFranco-Nevada
0%
WNGeorge Western
0%
GILGildan Activewear
0%
KKinross Gold
0%
OTEXOpen Text
0%
PPLPembina Pipeline
0%
SAPSaputo
0%
TRPTransCanada
0%

Score Distribution

Percentile by Number Answered

Percent of People with Each Score

Your Score History

You have not taken this quiz